Streets of West Frankfort - Statistics

General Stats
  • This quiz has been taken 9 times
  • The average score is 67 of 332
Answer Stats
Street Name % Correct
A Rd
100%
B Rd
100%
C Rd
100%
D Rd
100%
10th St
75%
1st Rd
75%
2nd Rd
75%
4th St
75%
5th St
75%
6th St
75%
7th St
75%
8th St
75%
9th St
75%
Illinois St
75%
Main St
75%
Oak St
75%
Berry St
50%
Brown St
50%
Charles St
50%
Cherry St
50%
Church Camp Dr
50%
Church St
50%
Clark St
50%
Elm St
50%
Emma St
50%
Grape St
50%
Locust St
50%
Madison St
50%
Maple St
50%
Missouri Rd
50%
North Rd
50%
North St
50%
Orange St
50%
Peach St
50%
Short Ln
50%
South St
50%
St. Louis St
50%
Wall Rd
50%
West Rd
50%
White Ln
50%
4-H Camp Ln
25%
Adams St
25%
Anna St
25%
Apple St
25%
Ash St
25%
Avery Rd
25%
Avery St
25%
Benton Rd
25%
Boner Cemetery Rd
25%
Brussells St
25%
Buchanen St
25%
Burton Dr
25%
Bush Ave
25%
Candy Cane Ln
25%
Cardinal Rd
25%
Carr Rd
25%
Cedar Ave
25%
Cedar Hill Rd
25%
Chestnut St
25%
Cleveland St
25%
Club St
25%
Coal St
25%
Cochran St
25%
Columbia St
25%
Country Club Ln
25%
Country Club Rd
25%
County Highway 10
25%
County Highway 20
25%
County Highway 26
25%
County Highway 33
25%
County Highway 45
25%
County Highway 5
25%
County Highway 6
25%
County Highway 8
25%
County Line Rd
25%
County Road 025
25%
County Road 090
25%
County Road 110
25%
County Road 140
25%
Crystal Rd
25%
Cypress St
25%
Day St
25%
Deering Rd
25%
Dewey St
25%
Dorris Rd
25%
Dorris St
25%
Douglas St
25%
Ezra Rd
25%
Ezra St
25%
Factory Outlet Blvd
25%
Factory Outlet Dr
25%
Foder Dr
25%
Fork Rd
25%
Four Mile Ln
25%
Foxcroft Dr
25%
Frankfort Dr
25%
Frankfort Plz
25%
Franklin Ave
25%
Franklin St
25%
Frank St
25%
Freeman Rd
25%
Freeman Spur Blacktop
25%
Freeman Spur Rd
25%
Garland St
25%
Garrett Rd
25%
Garretts Prairie Rd
25%
Gass St
25%
German Church Rd
25%
Gipson Rd
25%
Gordon Rd
25%
Graves Ln
25%
Harmony Church Rd
25%
Harris School Rd
25%
Hayes St
25%
Horn St
25%
Horrell Ave
25%
Horrell St
25%
Horseshoe Rd
25%
Hyder Ln
25%
Ida St
25%
Jackanicz Rd
25%
Jackson St
25%
James St
25%
Jefferson St
25%
Jenna Ln
25%
Jones St
25%
Karnes Rd
25%
Ken Gray Blvd
25%
Kennedy Dr
25%
Kennedy St
25%
Lawrence Rd
25%
Lee Rd
25%
Lincoln Ave
25%
Lincoln St
25%
Lindell St
25%
Logan Rd
25%
Logan St
25%
Lone Oak Ter
25%
Mabry St
25%
Marion Rd
25%
McClelland St
25%
Melvin Rd
25%
Miller St
25%
Mill St
25%
Miner Ave
25%
Mitchell St
25%
Monroe Rd
25%
Monroe St
25%
Moore Rd
25%
Mulberry St
25%
New Lake Rd
25%
Number 9 Blacktop
25%
Oaklawn
25%
Old Frankfort Rd
25%
Old Johnston City Rd
25%
Old Lake Rd
25%
Old Marion Rd
25%
Orient Blacktop
25%
Orient Rd
25%
Park St
25%
Patricia Ln
25%
Pear St
25%
Pershing Rd
25%
Plum St
25%
Poplar St
25%
Pumpkin Ln
25%
Rains Rd
25%
Rains St
25%
Ramsey Heights Rd
25%
Redbird Ln
25%
Rose Ln
25%
Rotramel Ln
25%
Russell Rd
25%
Russell St
25%
Rusty Spur Rd
25%
Ryan Ct
25%
Sanders Ln
25%
Shawnee Cir
25%
Shawnee Dr
25%
Shawnee Rd
25%
Shawnee St
25%
Shore Ln
25%
Skelton St
25%
Spowart Rd
25%
State Route 149
25%
State Route 37
25%
Stewart St
25%
Stiritz Rd
25%
Stotlar St
25%
Strawberry Dr
25%
Summers St
25%
Taft St
25%
Tate St
25%
Taylor Rd
25%
Thomas St
25%
Tomlinson Rd
25%
Van Buren St
25%
Washington Blvd
25%
Washington St
25%
Weeks Rd
25%
Williams Cutoff
25%
Williams Ln
25%
Williamson St
25%
Wilson St
25%
Winery Rd
25%
Woods Rd
25%
Woody Rd
25%
Antioch St
0%
Barger Ln
0%
Baseline Rd
0%
Bencie Ln
0%
Biehl Rd
0%
Binkley St
0%
Braggs Ln
0%
Bryan St
0%
Bryant Loop
0%
Bryant Rd
0%
Burbank St
0%
Calsburg Rd
0%
Cambon Dr
0%
Cambon Lake Rd
0%
Caprice Rd
0%
Cecil Rd
0%
Center St
0%
Charley Good Rd
0%
Cody Ln
0%
Collins Rd
0%
County Road 1125
0%
County Road 1165
0%
County Road 1170
0%
County Road 1175
0%
County Road 225
0%
Crawford St
0%
Cremer Rd
0%
Cricket Ln
0%
Daffodil Ln
0%
Deason Rd
0%
Dillard Ave
0%
Divisa St
0%
Division Ave
0%
Dublin St
0%
Dunston Rd
0%
Elliott Ln
0%
Elmer Layne St
0%
Everett St
0%
Fleming St
0%
Florian Ln
0%
Forest St
0%
Gardner St
0%
Gossage Rd
0%
Gossett Rd
0%
Grand St
0%
Green Leaf Ln
0%
Hagle Ln
0%
Harrell Ln
0%
Hastings Ln
0%
Hill St
0%
Hughes St
0%
Ice Rd
0%
Industrial Park Rd
0%
Ivey Ln
0%
Ivy St
0%
Joiner St
0%
Kenlar Cir
0%
Kerley Rd
0%
Killian Ln
0%
Knox Rd
0%
Lake Creek Rd
0%
Lakeview Ln
0%
Latrobe Rd
0%
Lemmon St
0%
Liberty Ave
0%
Lillie Ln
0%
Lisbon St
0%
Mainline Rd
0%
Manila St
0%
Mark Twain Rd
0%
McDonald Rd
0%
McKean St
0%
McReynolds Ln
0%
Meadowbrook Ln
0%
Midway St
0%
Mine 25 Rd
0%
Monaco St
0%
Morning Dove Ln
0%
Neilson Rd
0%
Newport Rd
0%
Nolen St
0%
Odle St
0%
Orchard St
0%
Pacific Dr
0%
Palmer St
0%
Parkhill St
0%
Parkview
0%
Parkview Cir
0%
Parrish Cir
0%
Parrish Rd
0%
Plumfield Rd
0%
Prairie Meadows Ln
0%
Presley Ln
0%
Prosperity St
0%
Razer Dr
0%
Restivo Ave
0%
Ringo Ln
0%
Rogers Rd
0%
Rolla St
0%
Rome Rd
0%
Sandburg Rd
0%
Sandpiper Rd
0%
Saulsbury Cir
0%
Sharp Ln
0%
Sophia St
0%
Southpoint Ln
0%
Stella Rd
0%
Stevens Branch Rd
0%
Sunny Slope St
0%
Susann Dr
0%
Teal Rd
0%
Timothy Ct
0%
Tipps Rd
0%
Veldman Ln
0%
Vienna St
0%
Walnut St
0%
Ward St
0%
Westminister Dr
0%
Wharry St
0%
White Tail Ln
0%
Wilburn Rd
0%
Willow Tree Ln
0%
Wilmington Ave
0%
Woodmen Ln
0%
Worden St
0%
No matching quizzes found
Score Distribution
Percent of People with Each Score
Percentile by Number Answered
Your Score History
You have not taken this quiz